• 首页
  • 本馆介绍
  • 公告通知
  • 最新文献
  • 馆藏检索
  • 电子资源
  • 读者导购
  • 参考咨询
  • 我的图书馆
  • 登录
  • 详细信息显示
  • 放入我的书架
  • 预约/预借图书
  • 作者相关作品
  • 分类相关作品
  • 丛书相关作品
  • 出版社相关作品

书目信息

  • 表格格式
  • 工作单格式
  • 卡片格式
题名:
老龄化背景下的商业养老保险
    
 
作者: 张原, 著
分册:  
出版信息: 北京   光明日报出版社  2022.06
页数: 158页
开本: 24cm
丛书名: 光明社科文库
单 册:
中图分类: F842.612
科图分类:
主题词: 养老保险制度--yang lao bao xian zhi du--研究--中国
电子资源:
ISBN: 978-7-5194-6641-1
000 01519nam 2200313 450
001 CAL 012022043324
005 20230217093113.0
010    @a978-7-5194-6641-1@b精装@dCNY85.00
100    @a20221031d2022 em y0chiy0120 ea
101 0  @achi
102    @aCN@b110000
105    @aa a 000yy
106    @ar
200 1  @a老龄化背景下的商业养老保险@Alao ling hua bei jing xia de shang ye yang lao bao xian@e兼论银行业支持养老保险第三支柱建设@f张原著
210    @a北京@c光明日报出版社@d2022.06
215    @a158页@c图@d24cm
225 2  @a光明社科文库@Aguang ming she ke wen ku@i经济与管理书系
300    @a本书的写作得到了中国银行业协会课题“老龄化背景下的养老保险改革及银行业支持养老保险第三支柱建设研究”、北京语言大学院级科研项目 (中央高校基本科研业务费专项资金) 的资助
314    @a张原, 经济学博士, 北京语言大学商学院教授, 经济系主任, 硕士生导师等职。
320    @a有书目 (第152-158页)
330    @a本书共分八章, 主要内容包括: 引言和文献综述、人口老龄化趋势及对养老保险制度的挑战、基本养老保险和企业/职业年金应对老龄化的问题、商业养老保险的需求及主要影响因素、商业养老保险的供给及主要影响因素等。
410  0 @12001 @a光明社科文库@i经济与管理书系
517 1  @a兼论银行业支持养老保险第三支柱建设@Ajian lun yin hang ye zhi chi yang lao bao xian di san zhi zhu jian she
606 0  @a养老保险制度@Ayang lao bao xian zhi du@x研究@y中国
690    @aF842.612@v5
701  0 @a张原,@Azhang yuan@f1981-@4著
801  0 @aCN@bBJXHZP@c20230222
905    @a可供@b1378652-5@dF842.612@e152@f4
906    @aRTGM
    
    老龄化背景下的商业养老保险:兼论银行业支持养老保险第三支柱建设/张原著.-北京:光明日报出版社,2022.06
    158页:图;24cm.-(光明社科文库.经济与管理书系)
    本书的写作得到了中国银行业协会课题“老龄化背景下的养老保险改革及银行业支持养老保险第三支柱建设研究”、北京语言大学院级科研项目 (中央高校基本科研业务费专项资金) 的资助
    
    ISBN 978-7-5194-6641-1(精装):CNY85.00
    本书共分八章, 主要内容包括: 引言和文献综述、人口老龄化趋势及对养老保险制度的挑战、基本养老保险和企业/职业年金应对老龄化的问题、商业养老保险的需求及主要影响因素、商业养老保险的供给及主要影响因素等。
●
相关链接 在E读中查询图书 在五车中查询图书 在当当中查询图书 在豆瓣中查询图书


正题名:老龄化背景下的商业养老保险     索取号:F842.612/152         预约/预借

序号 登录号 条形码 馆藏地/架位号 状态 备注
1 1378652   213786526   第一样本阅览室/ [索取号:F842.612/152] 在馆    
2 1378653   213786535   第一借阅区/ [索取号:F842.612/152] 在馆    
3 1378654   213786544   第一借阅区/ [索取号:F842.612/152] 在馆    
4 1378655   213786553   第一借阅区/ [索取号:F842.612/152] 在馆    
唐山师范学院图书馆 欢迎您!
大连网信软件有限公司© 版权所有